000 00492nam a2200193Ia 4500
003 GCL
008 140319s9999 xx 000 0 eng d
040 _aGCL /
_cGCL
082 0 4 _a863
_bGT
100 1 _aGALDOS, BENITO PEREZ
245 1 0 _aLA TOR ME NTAS DEL 48 /
_cGALDOS, BENITO PEREZ
260 _a[S.N] :
_bALIANZA EDITORIAL ،
_c1985
300 _a193
650 0 4 _aLITERATURE
650 0 4 _aFICTION
650 0 4 _aSPANISH LITERATURE
650 0 4 _aSPANISH FICTION
942 _2ddc
_cBK
999 _c11560
_d11560